| 000 | 00825nam a2200301Ia 4500 | ||
|---|---|---|---|
| 003 | OSt | ||
| 005 | 20241005115732.0 | ||
| 008 | 210329s9999||||xx |||||||||||||| ||und|| | ||
| 020 | _a8176387339 | ||
| 040 | _cSTCPL | ||
| 041 | _aMAL | ||
| 041 | _hMAL | ||
| 082 |
_aM07 _bSHY-N |
||
| 100 |
_aShylaja, T G _qടി ജി ശൈലജ |
||
| 245 | 0 |
_aNatyaprayogangal / _cby T G Shylaja _hനാട്യപ്രയോഗങ്ങള് |
|
| 260 |
_aThiruvananthapuram : _bState Institute of Languages , _c2008 . |
||
| 300 |
_a196 p. _bPB |
||
| 650 | _aMalayalam study | ||
| 650 | _aMalayalam literature | ||
| 650 | _aResearch | ||
| 650 | _aNatya Shastra | ||
| 650 | _aBharata muni | ||
| 650 | _aIndian dance | ||
| 650 | _aClasiical dance | ||
| 650 | _aIndian music theory | ||
| 942 | _cBK | ||
| 942 | _2ddc | ||
| 999 |
_c65880 _d65880 |
||